00358nam a22001217a 4500008004100000020001300041050002100054100002000075245003200095260005800127300003200185504001900217170926b xxu||||| |||| 00| 0 eng d a85255117 aHC 865 .I53 1988 aPeter Coughlin. aIndustrialization in Kenya/ aNairobi:bEast African Educational Publishers ,c1988 avii,328p. :bill.;c20.4cm. aincludes index